000 00269nam a2200109Ia 4500
001 1272272
005 20260417151425.0
008 260417s9999 xx 000 0 und d
020 _a9786256999282
245 0 _aTakılı Kaldı
_cOliver Jeffers
260 _bKetebe Çocuk
999 _c1272272
_d1272272